000
00295nam a2200121Ia 4500
008
210210b2000 xxu||||| |||| 00| 0 eng d
082
_a
658.002 CHOK
100
_a
CHOPRA (Ravi).
245
_a
Key to Mat.
260
_a
_b
Not Mentioned
_c
2000
690
_a
Management Entrance
906
_a
054975
999
_c
102906
_d
102906